Η Διατροφή της Mayo Clinic για Διαβητικούς Τύπου 2 / Από τους Ειδικούς στην Απώλεια Βάρους της Mayo Clinic: 1ος Τόμος (Record no. 3030)
[ view plain ]
| 000 -LEADER | |
|---|---|
| fixed length control field | 02305cam a22002534a 4500 |
| 005 - ΗΜΕΡΟΜΗΝΙΑ ΚΑΙ ΩΡΑ ΤΕΛΕΥΤΑΙΑΣ ΕΝΗΜΕΡΩΣΗΣ | |
| Πεδίο ελέγχου | 20250605164103.0 |
| 008 - FIXED-LENGTH DATA ELEMENTS--GENERAL INFORMATION | |
| Πεδίο ελέγχου σταθερού μήκους | 250528s ||||||||||||||||||||||||d |
| 035 ## - SYSTEM CONTROL NUMBER | |
| System control number | 17628 |
| 020 ## - ISBN | |
| ISBN | 9789605461805 |
| 040 ## - ΠΗΓΗ ΚΑΤΑΛΟΓΟΓΡΑΦΗΣΗΣ | |
| Φορέας πρωτότυπης καταλογογράφησης | MC Athens Campus Library |
| Γλώσσα καταλογογράφησης | Ελληνικά, Μοντέρνα (1453-) |
| Modifying agency | MC Athens Campus Library |
| Κανόνες περιγραφικής καταλογογράφησης | AACR2 |
| 245 1# - ΤΙΤΛΟΣ ΚΑΙ ΔΗΛΩΣΗ ΥΠΕΥΘΥΝΟΤΗΤΑΣ | |
| Τίτλος | Η Διατροφή της Mayo Clinic για Διαβητικούς Τύπου 2 / Από τους Ειδικούς στην Απώλεια Βάρους της Mayo Clinic: 1ος Τόμος |
| 260 ## - PUBLICATION, DISTRIBUTION, ETC. | |
| Name of publisher, distributor, etc. | Πεδίο, |
| Date of publication, distribution, etc. | 2013 |
| 300 ## - PHYSICAL DESCRIPTION | |
| Extent | 144 |
| 520 ## - SUMMARY, ETC. | |
| Summary, etc. | Η δίαιτα της Mayo Clinic για διαβητικούς σχεδιάστηκε από γιατρούς όλων των ειδικοτήτων, για να σας βοηθήσει να αλλάξετε τρόπο ζωής, ώστε να αποκτήσετε ένα φυσιολογικό βάρος, που μπορείτε να διατηρήσετε για το υπόλοπο της ζωής σας, και να κρατήσει τα επίπεδα του σακχάρου υπό έλεγχο. Γρήγορη Απώλεια Βάρους, Έτοιμοι - Εμπρός Πάμε!, Λάβετε Θέσεις - Έτοιμοι - Πάμε!, Πρόσθεσε 5 Συνήθειες, Κόψε 45 Συνήθειες, Αποκτήστε 5 Καλές Συνήθειες, Τι Μάθατε;, Συντήρηση, Ετοιμαστείτε για τη Συντήρηση, Τρώτε Σύμφωνα με την Πυραμίδα, Δεν Χρειάζονται Ζυγαριές Ούτε Αριθμομηχανές, Καίγοντας Θερμίδες, Μια Γρήγορη Ανακεφαλαίωση και Προχωράμε..., Όλα τα Επιπλέον, Βρίσκοντας το Φυσιολογικό Βάρος σας, Κατανοώντας τα Θρεπτικά Συστατικά και την Ενέργεια και τις Θερμίδες, Παράρτημα - Ημερολόγιο Δίαιτας για Διαβητικούς. |
| 700 1# - ΠΡΟΣΘΕΤΗ ΑΝΑΓΡΑΦΗ--ΦΥΣΙΚΟ ΠΡΟΣΩΠΟ | |
| Personal name | Hensrud Donald |
| 9 (RLIN) | 3818 |
| 700 1# - ΠΡΟΣΘΕΤΗ ΑΝΑΓΡΑΦΗ--ΦΥΣΙΚΟ ΠΡΟΣΩΠΟ | |
| Personal name | Nelson Jennifer |
| 9 (RLIN) | 3819 |
| 700 1# - ΠΡΟΣΘΕΤΗ ΑΝΑΓΡΑΦΗ--ΦΥΣΙΚΟ ΠΡΟΣΩΠΟ | |
| Personal name | Pellman Good Phyllis |
| 9 (RLIN) | 3820 |
| 700 1# - ΠΡΟΣΘΕΤΗ ΑΝΑΓΡΑΦΗ--ΦΥΣΙΚΟ ΠΡΟΣΩΠΟ | |
| Personal name | Δρεπανιά Λίλη |
| 9 (RLIN) | 3821 |
| 700 1# - ΠΡΟΣΘΕΤΗ ΑΝΑΓΡΑΦΗ--ΦΥΣΙΚΟ ΠΡΟΣΩΠΟ | |
| Personal name | Παπαχριστοφίλου Παύλος |
| 9 (RLIN) | 3822 |
| 700 1# - ΠΡΟΣΘΕΤΗ ΑΝΑΓΡΑΦΗ--ΦΥΣΙΚΟ ΠΡΟΣΩΠΟ | |
| Personal name | Σφυρόερα Σοφία Ν |
| 9 (RLIN) | 3823 |
| 942 ## - ADDED ENTRY ELEMENTS (KOHA) | |
| Koha item type | Books |
| Τύπος τεκμηρίου | Βιβλιοθήκη | Τρέχουσα τοποθεσία | Barcode | Αριθμός εισαγωγής | Ημερομηνία απόκτησης | Ταξιθετικό σύμβολο | Αριθμός αντιτύπου | Κατάσταση απόσυρσης | Κατάσταση χαμένου | Κατάσταση κατεστραμμένου | Μη δανεισμός | Σύνολο δανεισμών | Ημερομηνία τελευταίας εμφάνισης | Η τιμή ισχύει από |
|---|---|---|---|---|---|---|---|---|---|---|---|---|---|---|
| Books | MC Athens Campus Library | MC Athens Campus Library | 9780000030290 | 5943 | 05/06/2025 | 641.56314 PEL V.1 | 1 | 05/06/2025 | 05/06/2025 |